Pakistan's Sixth International Convention on Quality Improvement November 14-15 2000 Lahore (Record no. 347868)

000 -LEADER
fixed length control field 00522 a2200133 4500
082 ## - DEWEY DECIMAL CLASSIFICATION NUMBER
Classification number 658.4013
090 ## - LOCALLY ASSIGNED LC-TYPE CALL NUMBER (OCLC); LOCAL CALL NUMBER (RLIN)
-- 5460
-- 5460
100 ## - MAIN ENTRY--PERSONAL NAME
Personal name Pakistan Institute of Quality Control
245 ## - TITLE STATEMENT
Title Pakistan's Sixth International Convention on Quality Improvement November 14-15 2000 Lahore
Remainder of title Implementing TQM Approchaes, Methodologies, Tools and Case Studies
Statement of responsibility, etc. Pakistan Institute of Quality Control
260 ## - PUBLICATION, DISTRIBUTION, ETC.
Place of publication, distribution, etc. Lahore, Pakistan
Name of publisher, distributor, etc. Ibrahim Publishers
Date of publication, distribution, etc. 2000
300 ## - PHYSICAL DESCRIPTION
Extent 294
500 ## - GENERAL NOTE
General note papercover
942 ## - ADDED ENTRY ELEMENTS (KOHA)
Institution code [OBSOLETE] NBS
Koha item type Book
Call number prefix 658.4013 ICQ
Holdings
Withdrawn status Lost status Damaged status Not for loan Permanent Location Current Location Date acquired Total Checkouts Full call number Barcode Date last seen Price effective from Koha item type
        Central Library (CL) Central Library (CL) 08/28/2013   658.4013 ICQ NBS3317 08/28/2013 08/28/2013 Book
© 2023 Central Library, National University of Sciences and Technology. All Rights Reserved.